000 01263nam0a22002771 4500
001 rc\1067469
005 20041129104256.6
035 _a(NLR Aleph) 006227725
090 _a6538535
_c6538535
100 _a20041129d1980 u |0rusy50 ca
101 0 _arus
102 _aRU
105 _aa |||||||||
200 1 _aМорфоструктура дна Атлантического океана и ее развитие в мезозое и кайнозое
_dMorphostructure of the Atlantic ocean bottom and its development in the mesozoic and cenozoic
210 _aМ.
_cНаука
_d1980
215 _a126 с., 1 отд. л. схем.
_cил.
_d26
225 1 _aРезультаты исследований по международным геофизическим проектам
_fМеждувед. геофиз. ком. при Президиуме АН СССР
300 _aРез. англ.
320 _aБиблиогр.: с. 116-124 (238 назв.)
510 0 _aMorphostructure of the Atlantic ocean bottom and its development in the mesozoic and cenozoic
700 1 _aЛитвин
_bВ. М.
_gВладимир Михайлович
801 0 _aRU
_bNLR
_gpsbo
801 1 _aRU
_bELAR
_2rusmarc
852 _aNLR
_j81-7/336
942 _cBOOK
980 _aNB